书目信息 |
| 题名: |
中国杜鹃花
|
|
| 作者: | 冯国楣 主编 | |
| 分册: | 第二册 | |
| 出版信息: | 北京 科学出版社 1992.06 |
|
| 页数: | 239页 | |
| 开本: | 26cm | |
| 丛书名: | ||
| 单 册: | ||
| 中图分类: | S685.21 | |
| 科图分类: | ||
| 主题词: | 观赏园艺 , 花卉 , 园林树木 | |
| 电子资源: | ||
| ISBN: | 7-03-003031-1 | |
| 000 | 00639nam0 2200229 45 | |
| 001 | 0301161091 | |
| 005 | 20031219104103.5 | |
| 010 | @a7-03-003031-1@dCNY149.00 | |
| 100 | @a20030116d1992 km y0chiy0120 ea | |
| 101 | 0 | @achi |
| 105 | @aa z 001yy | |
| 200 | 1 | @a中国杜鹃花@h第二册@AZhong Guo Du Juan Hua@f冯国楣主编@FFeng Guo Mei Zhu Bian |
| 210 | @a北京@c科学出版社@d1992.06 | |
| 215 | @a239页@c彩图@d26cm | |
| 320 | @a书末附中名索引和拉丁名索引。 | |
| 606 | 0 | @a观赏园艺 |
| 606 | 0 | @a花卉 |
| 606 | 0 | @a园林树木 |
| 690 | @aS685.21@v4 | |
| 701 | 0 | @a冯国楣@4主编 |
| 801 | @aCN@bTSTC@c20030116 | |
| 905 | @b319443@dS685.21@e56:2@f1 | |
| 中国杜鹃花.第二册/冯国楣主编.-北京:科学出版社,1992.06 |
| 239页:彩图;26cm |
| ISBN 7-03-003031-1:CNY149.00 |
| ● |
| 相关链接 |
|
|
|
|
正题名:中国杜鹃花
索取号:S685.21/56:2
 
预约/预借
| 序号 | 登录号 | 条形码 | 馆藏地/架位号 | 状态 | 备注 |
| 1 | 0319443 | 203194435 | 第二样本阅览室/ [索取号:S685.21/56:2] | 在馆 |